01894nim a2200337 i 4500003001000000005001700010007001000027008004100037020001800078040003500096041001300131082002200144100003400166245012100200246002200321250001800343264006400361300004800425336005600473337002300529338003100552520062400583521005901207546005801266650005601324650004601380650002401426650003201450700003701482700003701519CO-BoRNBP20230508204913.0vd cvadzs21 s2009 ck 125 b |||| |0| mcmul d a7506036063611 aCO-BoRNBPbspaerdacCO-BoRNBP1 ajpnhspa04a791.43bM39ve2221 aMiyazaki, Hayaod1941-eautor10aMi vecino Totorocguión y dirección de Hayao Miyazaki ; música de Joe Hisaishi ; producido por Toshio Suzuki 33aMy neigbor Totoro a1a. edición 1aMéxico, MéxicobZima EnterteinmentbStudio Ghiblic2010 a1 DVD (86 minutos)bestéreo, colorc19 cm 2rdacontentaimagen bidimensional en movimientobtdi 2rdamediaavideobv 2rdacarrieravideodiscobvd03a"¿Qué son los "conejillos de polvo"? Ellas, las pequeñas hijas de un profesor universitario, lo han descubierto. Sin embargo, este profesor está ocupado en cosas mucho más importantes; la tuberculosis de su esposa, quien está recuperándose del padecimiento en un hospital rural, tiene ahora a la familia viviendo en una casa en el bosque. De cualquier modo, nuestras pequeñas amigas saben que todo estará bien, y seguirán buscando y descubriendo todos esos secretos del bosque que llenarán de magia todo alrededor. Te invitamos a conocer esos secretos; los secretos de: Totoro" Tomado del estuche  aRecomendado para público infantil mayor de 6 años  aPelícula en japonés con subtítulos en español17aPelículas cinematográficas japonesasvDVD2LEMB17aPelículas animadas japonesasvDVD2LEMB17aFantasiavDVD2LEMB17aDibujos animadosvDVD2LEMB1 aSuzuki, Toshiod1948-eproductor1 aHisaishi, Joed1950-ecompositor